| 000 | 00429nam a2200169Ia 4500 | ||
|---|---|---|---|
| 005 | 20260502125400.0 | ||
| 008 | 260502s2012 xx 000 0 und d | ||
| 020 | _a9789354339134 | ||
| 082 |
_a658.3 _bRAE |
||
| 100 | _aRAO,P Subba | ||
| 245 | 0 | _aEssentials of Human Resource Management | |
| 250 | _a6th Ed Rep | ||
| 260 |
_aN.Delhi _bHimalaya Publication House _c2024 |
||
| 300 | _a664p. | ||
| 650 | _aMBA | ||
| 942 |
_2ddc _cBK |
||
| 999 |
_c13952 _d13952 |
||